书目信息 |
| 题名: |
草原管理学
|
|
| 作者: | ;内蒙古农牧学院 编 | |
| 分册: | ||
| 出版信息: | 北京 农业出版社 1981 |
|
| 页数: | 311页 | |
| 开本: | 25cm | |
| 丛书名: | ||
| 单 册: | ||
| 中图分类: | S812.5 | |
| 科图分类: | ||
| 主题词: | 草原管理--管理学 | |
| 电子资源: | ||
| ISBN: | 16144.2318 | |
| 000 | 00631nam0 2200229 450 | |
| 001 | 0181000331 | |
| 005 | 20100712215938.0 | |
| 010 | @a16144.2318@dCNY2.05 | |
| 091 | @a16144.2318 | |
| 100 | @a19950602d1981 em y0chiy0110 ea | |
| 101 | 0 | @achi |
| 102 | @aCN@b110000 | |
| 105 | @ay z 000yy | |
| 106 | @ar | |
| 200 | 1 | @a草原管理学@9Cao Yuan Guan Li Xue @f内蒙古农牧学院主编 |
| 210 | @a北京@c农业出版社@d1981 | |
| 215 | @a311页@d25cm | |
| 606 | 0 | @a草原管理@x管理学 |
| 690 | @aS812.5@v3 | |
| 711 | 02 | @a内蒙古农牧学院@9nei meng gu nong mu xue yuan@4编 |
| 801 | 0 | @aCN@b91MARC@c20130904 |
| 905 | @aBZT@dS812.5@e1@f3@sS812.5/1 | |
| 草原管理学/内蒙古农牧学院主编.-北京:农业出版社,1981 |
| 311页;25cm |
| ISBN 16144.2318:CNY2.05 |
| ● |
| 相关链接 |
|
|
|
正题名:草原管理学
索取号:S812.5/1
 
预约/预借
| 序号 | 登录号 | 条形码 | 馆藏地/架位号 | 状态 | 备注 |
| 1 | 2000047800 | 2000047800 | 旧书回溯/ [索取号:S812.5/1] | 在馆 | |
| 2 | 2000114463 | 2000114463 | 旧书回溯/ [索取号:S812.5/1] | 在馆 | |
| 3 | 2000114464 | 2000114464 | 旧书回溯/ [索取号:S812.5/1] | 在馆 |